000 00656 a2200241 4500
999 _c5080
_d5080
020 _a9780857532879
050 0 0 _aPZ7 WEX 2014
100 1 _aWexler, Django,
_eauthor.
245 1 4 _aThe forbidden library /
_cDjango Wexler
264 1 _aLondon :
_bDoubleday,
_c[2014]
300 _a327p. :
500 _aFiction
650 1 _aMagic
650 1 _aWizards
650 1 _aLibraries
650 1 _aBooks and reading
650 1 _aFairies
650 1 _aCats
650 1 _aOrphans
700 1 _aWyatt, David
_eillustrator.
942 _2lcc
_cBK
_h7
_iWEX
_kPZ